Doce tesis en torno al concepto de estado social de derecho : (Registro nro. 5861)

Detalles MARC
000 -LEADER
fixed length control field 00890nam a2200253Ia 4500
003 - CONTROL NUMBER IDENTIFIER
control field OSt
005 - DATE AND TIME OF LATEST TRANSACTION
control field 20200406181853.0
008 - FIXED-LENGTH DATA ELEMENTS--GENERAL INFORMATION
fixed length control field 191128s2009 ck gr 000 0 spa d
020 ## - INTERNATIONAL STANDARD BOOK NUMBER
International Standard Book Number 9789587104370
040 ## - CATALOGING SOURCE
Original cataloging agency CO-JMCR
Transcribing agency CO-JMCR
041 0# - LANGUAGE CODE
Language code of text/sound track or separate title spa
082 04 - DEWEY DECIMAL CLASSIFICATION NUMBER
Item number U623d /
Classification number 321.05
Edition number 21
100 1# - MAIN ENTRY--PERSONAL NAME
Personal name Upegui Mejía, Juan Carlos,
Relator term autor
9 (RLIN) 2553
245 10 - TITLE STATEMENT
Title Doce tesis en torno al concepto de estado social de derecho :
Remainder of title discurso jurisprudencial, elementos, usos /
Statement of responsibility, etc. Juan Carlos Upegui Mejía
250 ## - EDITION STATEMENT
Edition statement Primera edición
260 ## - PUBLICATION, DISTRIBUTION, ETC.
Place of publication, distribution, etc. Bogotá :
Name of publisher, distributor, etc. Universidad Externado de Colombia,
Date of publication, distribution, etc. 2009
300 ## - PHYSICAL DESCRIPTION
Extent 83 páginas ;
Dimensions 21 cm.
490 0# - SERIES STATEMENT
Series statement Temas de derecho público ;
Volume/sequential designation 80
505 0# - FORMATTED CONTENTS NOTE
Formatted contents note El contexto -- Los instrumentos -- Las aplicaciones
650 14 - SUBJECT ADDED ENTRY--TOPICAL TERM
Topical term or geographic name entry element Estado de derecho
9 (RLIN) 2005
650 14 - SUBJECT ADDED ENTRY--TOPICAL TERM
Topical term or geographic name entry element Derecho constitucional
9 (RLIN) 2554
650 14 - SUBJECT ADDED ENTRY--TOPICAL TERM
Topical term or geographic name entry element Derecho público
9 (RLIN) 2555
942 ## - ADDED ENTRY ELEMENTS (KOHA)
Source of classification or shelving scheme Dewey Decimal Classification
Koha item type Books
Existencias
Withdrawn status Lost status Source of classification or shelving scheme Damaged status Not for loan Collection code Home library Current library Date acquired Source of acquisition Cost, normal purchase price Total Checkouts Full call number Barcode Date last seen Copy number Koha item type
    Dewey Decimal Classification     Non-fiction Biblioteca Pública José María del Castillo y Rada Biblioteca Pública José María del Castillo y Rada 04/15/2018 Donación 0.00   321.05 / U623d 430006049 05/16/2024 Ej.1 Books